Pintor de apariciones /

Na minha lista:
Detalhes bibliográficos
Autor principal: Salazar Arrue, Salvador, 1899-1975
Formato: Desconhecido
Idioma:Spanish
Assuntos:
Tags: Adicionar Tag
Sem tags, seja o primeiro a adicionar uma tag!

MARC

LEADER 000000000a22000000004500
001 006683
041 0 |a spa 
100 1 |a Salazar Arrue, Salvador,   |d 1899-1975 
245 1 0 |a Pintor de apariciones /   |c Salvador Salazar Arrue. 
650 4 |a LITERATURA SALVADOREÑA 
650 4 |a CUENTOS 
650 4 |a SALURRUE 
773 0 |d El Salvador : Ministerio de Educación  |t Cultura: Revista del Ministerio de Educación  |g número 31 (1964), páginas 105-109 
942 |c ARC 
999 |c 12965  |d 12965